LEADER 01234nam--2200373---450- 001 990002471200203316 005 20081218162040.0 010 $a88-464-6190-8 035 $a000247120 035 $aUSA01000247120 035 $a(ALEPH)000247120USA01 035 $a000247120 100 $a20050914d24-c----km-y0itay0103----ba 101 0 $aita 102 $aIT 105 $ay|||z|||001yy 200 1 $aAnalisi finanziaria e gestione di portafoglio$evalutazione del rischio, tecniche di asset allocation, strumenti di analisi tecnica e fondamentale$fEugenio Linguanti$gprefazione di Mario Ghiraldelli 210 $a187 p.$d24 cm 215 $a187 p.$d23 cm 225 2 $aAzienda moderna$v577 410 0$1001$12001$aAzienda moderna 606 0 $aInvestimenti$xRischi 606 0 $aMercati finanziari$xAnalisi 676 $a332.6322 700 1$aLINGUANTI,$bEugenio$0496853 801 0$aIT$bsalbc$gISBD 912 $a990002471200203316 951 $a332.632 LIN 1 (IRA 11 267)$b13310 E.C.$cIRA 11$d00180212 959 $aBK 969 $aECO 979 $aCHIARA$b90$c20050914$lUSA01$h1229 979 $aRSIAV2$b90$c20081218$lUSA01$h1620 996 $aAnalisi finanziaria e gestione di portafoglio$9750770 997 $aUNISA LEADER 01171nam a2200229 i 4500 001 991003156449707536 005 20021205143406.0 008 020617s|||| ||| ||| | lat 035 $ab11762809-39ule_inst 035 $aPARLA220668$9ExL 040 $aDip.to Scienze Storiche Filosofiche e Geografiche$bita 111 2 $aConcilio vaticano <2. ; 1962-1965>$0262114 245 10$aActa Pontificiae commissionis centralis praeparatoriae Concilii Oecumenici Vaticani 2. :$bpars 2. :$bSessio tertia :$b15-23 Ianuarii 1962 :$bsessio quarta :$b19-27 Februarii 1962 :$bsub secreto 260 $aCitta del Vaticano :$bTypis polyglottis Vaticanis,$c1967 300 $a972 p. ;$c32 cm. 490 0 $aActa et documenta Concilio Oecumenico Vaticano 2. apparando. Series 2., praeparatoria ;$v2,2 907 $a.b11762809$b27-04-17$c09-12-02 912 $a991003156449707536 945 $aLE009 STOR.47-40a/2,2$cV.2,2$g1$i2009000137110$lle009$o-$pE0.00$q-$rn$so $t0$u0$v0$w0$x0$y.i12008266$z09-12-02 996 $aActa Pontificiae commissionis centralis praeparatoriae Concilii Oecumenici Vaticani 2.$9906584 997 $aUNISALENTO 998 $ale009$b01-01-02$cm$da $e-$feng$gxx $h0$i1